| 000 | 00666nam a2200217 a 4500 | ||
|---|---|---|---|
| 005 | 20140311163026.0 | ||
| 008 | 080509s19uu xx 00 eng d | ||
| 020 | _a9781557668653 | ||
| 050 |
_aHQ 755.8 _b.H52 2006 |
||
| 100 | _aHieneman, Meme | ||
| 245 |
_aParenting with positive behavior support : _ba practical guide to resolving your child's difficult behavior / _cMeme Hieneman. |
||
| 260 |
_aBaltimore : _bPaul Brookes Publishing, _c2006. |
||
| 300 |
_a206 p. : _c28 cm. |
||
| 521 | _aEDU | ||
| 650 | _aParenting. | ||
| 650 | _aBehavior modification. | ||
| 700 | _aChilds, Karen | ||
| 700 | _aSergay, Jane | ||
| 942 |
_cBK _2lcc _kFOR |
||
| 999 |
_c39545 _d39545 |
||